000 00440nam a2200181Ia 4500
001 13151
005 20260306163032.0
008 260306t2014||||xx |||||||||||||| ||spa||
041 _aESP
082 _a371.1
_bA82
100 _aAsprelli, María Cristina
_eAUT
245 0 _aLa didáctica e la formación docente
260 _c2014
300 _a164 páginas :
_c22 cm.
650 _aGEN
654 _aCED
942 _cLIB
_dJUS
_fJUS
_2ddc
_n
999 _c13151
_d13151